000 00639nam a2200241Ia 4500
003 OSt
005 20220928115138.0
006 a|||||r|||| 00| 0
007 ta
008 220927b |||||||| |||| 00| 0 eng d
024 _a74446
037 _cTextual
040 _aSDCL
_cSDCL
_beng
041 _2eng
_aeng
082 _aV2:19'N8, M5
100 _aAppadorai A
245 0 _aIndia's foreign policy and relations
260 _aNew Delhi
_bSouth Asian Pub
_c1985
300 _ax,709p
_ccm.
700 _a Rajan M S
_9400445
942 _hV2:19'N8, M5
_cTEXL
_2CC
999 _c758392
_d758392